São Paulo (GRU) Airport International Destinations - Statistics

General Stats
  • This quiz has been taken 84 times
  • The average score is 36 of 51
Answer Stats
Airlines Answer % Correct
Aerolíneas Argentinas, Air Canada, Ethiopian Airlines, Flybondi, GOL, LATAM Brasil, Qatar Airways, Swiss International Air Lines, Turkish Airlines Buenos Aires
98%
LATAM Brasil, TAP Air Portugal Lisbon
98%
Air Europa, Iberia, LATAM Brasil Madrid
97%
American Airlines, Delta Air Lines, LATAM Brasil New York City
97%
Avianca, LATAM Brasil Bogotá
95%
LATAM Brasil, LATAM Peru, Sky Airline Peru Lima
95%
Emirates Dubai
93%
British Airways, LATAM Brasil London
93%
Aeroméxico, LATAM Brasil Mexico City
93%
JetSmart Chile, LATAM Brasil, LATAM Chile, Sky Airline Santiago
93%
Air France, LATAM Chile Paris
91%
Air Canada Toronto
91%
LATAM Brasil Los Angeles
90%
American Airlines, LATAM Brasil Miami
90%
ITA Airways, LATAM Brasil Rome
90%
American Airlines Dallas
88%
Air Canada Montreal
84%
KLM Amsterdam
83%
United Airlines Houston
83%
Turkish Airlines Istanbul
83%
Egyptair Cairo
81%
Qatar Airways Doha
81%
TAP Air Portugal Porto
81%
Ethiopian Airlines Addis Ababa
79%
United Airlines Chicago
79%
LATAM Brasil, Lufthansa Frankfurt
79%
Swiss International Air Lines Zurich
76%
GOL, LATAM Paraguay Asunción
74%
Delta Air Lines Atlanta
74%
TAAG Angola Airlines Luanda
72%
GOL, LATAM Brasil Montevideo
72%
Copa Airlines Panama City
72%
LATAM Brasil Orlando
71%
United Airlines Washington, D.C.
69%
LATAM Brasil Boston
67%
LATAM Brasil Milan
66%
Aerolíneas Argentinas, GOL Córdoba
64%
LATAM Brasil Cancun
53%
LATAM Brasil Johannesburg
52%
United Airlines Newark
50%
Amaszonas, Boliviana de Aviación, GOL Santa Cruz
50%
Aerolíneas Argentinas, GOL, LATAM Brasil Mendoza
48%
Aerolíneas Argentinas, LATAM Brasil San Carlos de Bariloche
41%
GOL Rosario
40%
Boliviana de Aviación Cochabamba
31%
GOL Punta Cana
31%
Aerolíneas Argentinas Salta
22%
Azul Punta del Este
21%
Aerolíneas Argentinas El Calafate
16%
Aerolíneas Argentinas San Miguel de Tucumán
16%
Aerolíneas Argentinas San Martín de los Andes
5%
No matching quizzes found
Score Distribution
Percent of People with Each Score
Percentile by Number Answered
Your Score History
You have not taken this quiz